[Event "SWE-chT 1920 Elite"]
[Site "Sweden"]
[Date "2020.10.20"]
[Round "9.3"]
[White "Gajic, Mladen"]
[Black "Linusson, Pelle"]
[Result "1-0"]
[WhiteElo "2303"]
[BlackElo "2231"]
[PlyCount "67"]
[EventDate "2019.10.18"]
[EventType "team-tourn"]
[EventRounds "9"]
[EventCountry "SWE"]
[SourceTitle "EXT 2022"]
[Source "ChessBase"]
[SourceDate "2021.10.06"]
[SourceVersion "1"]
[SourceVersionDate "2021.10.06"]
[SourceQuality "1"]
[WhiteTeam "Eksjo"]
[BlackTeam "Burgsvik Alva"]
[WhiteTeamCountry "SWE"]
[BlackTeamCountry "SWE"]

1. e4 e5 2. Nc3 Nf6 3. f4 d5 4. fxe5 Nxe4 5. Qf3 Nc6 6. Bb5 Nxc3 7. dxc3 Qh4+ 8. g3 Qe4+ 9. Qxe4 dxe4 10. Bxc6+ bxc6 11. Ne2 Ba6 12. Rf1 c5 13. Rf4 Be7 14. Rxe4 0-0 15. Ra4 Bb5 16. Ra5 c6 17. a4 Bxe2 18. Kxe2 a6 19. Be3 Rfe8 20. Rd1 Bf8 21. Kf3 Rxe5 22. b4 Rf5+ 23. Kg4 g6 24. b5 cxb5 25. axb5 c4 26. Rda1 Re5 27. Bd4 Ree8 28. bxa6 Bg7 29. Kf3 Red8 30. Rb1 Bxd4 31. cxd4 Rxd4 32. a7 Rdd8 33. Rb7 Rdc8 34. Rab5 1-0

[Event "SWE-chT 1819 Superettan"]
[Site "Sweden"]
[Date "2019.03.30"]
[Round "8"]
[White "Rydstrom, Tom"]
[Black "Linusson, Pelle"]
[Result "1-0"]
[WhiteElo "2310"]
[BlackElo "2216"]
[PlyCount "67"]
[EventDate "2018.11.09"]
[EventType "team-tourn"]
[EventRounds "9"]
[EventCountry "SWE"]
[SourceTitle "EXT 2020"]
[Source "ChessBase"]
[SourceDate "2019.10.17"]
[SourceVersion "1"]
[SourceVersionDate "2019.10.17"]
[SourceQuality "1"]
[WhiteTeam "Vaxjo"]
[BlackTeam "Burgsvik Alva"]
[WhiteTeamCountry "SWE"]
[BlackTeamCountry "SWE"]

1. e4 c5 2. Nf3 e6 3. d4 cxd4 4. Nxd4 Nc6 5. Nb5 d6 6. Bf4 e5 7. Be3 Nf6 8. Bg5 Be6 9. Nd2 a6 10. Nc3 Rb8 11. Nc4 b5 12. Bxf6 gxf6 13. Ne3 Bh6 14. Bd3 Rg8 15. 0-0 Ne7 16. Kh1 Rg6 17. a4 b4 18. Ncd5 a5 19. Qe2 Kf8 20. Rad1 Bxe3 21. Nxe3 Rg5 22. Bc4 Rb6 23. f4 exf4 24. Rxf4 Ng6 25. Rf2 Kg7 26. Rdf1 Ne5 27. Rxf6 Nxc4 28. Nxc4 Rc6 29. Qd2 Qxf6 30. Rxf6 Kxf6 31. Nxd6 Rgc5 32. Qd4+ Kg6 33. Ne8 Rxc2 34. Qg7+ 1-0

[Event "Deltalift op"]
[Site "Tylosand"]
[Date "2018.05.10"]
[Round "2"]
[White "Bergre, Joachim"]
[Black "Linusson, Pelle"]
[Result "0-1"]
[WhiteElo "1990"]
[BlackElo "2211"]
[PlyCount "65"]
[EventDate "2018.05.10"]
[EventType "swiss"]
[EventRounds "8"]
[EventCountry "SWE"]
[SourceTitle "CBM 184 Extra"]
[Source "ChessBase"]
[SourceDate "2018.06.28"]
[SourceVersion "1"]
[SourceVersionDate "2018.06.28"]
[SourceQuality "1"]

1. Nf3 g6 2. c4 Bg7 3. g3 c5 4. Nc3 Nc6 5. Bg2 d6 6. 0-0 e5 7. e4 Nge7 8. d3 0-0 9. a3 Rb8 10. Rb1 a5 11. Bd2 h6 12. Ne1 Be6 13. Nc2 f5 14. Ne3 f4 15. Ned5 g5 16. f3 Nd4 17. Nxe7+ Qxe7 18. b4 axb4 19. axb4 fxg3 20. hxg3 Rf7 21. Nd5 Qd7 22. bxc5 dxc5 23. Bc3 Rbf8 24. Bxd4 exd4 25. Rb6 Bxd5 26. cxd5 Qc7 27. Rb5 Qxg3 28. Qe1 Qd6 29. Qa5 g4 30. f4 Rxf4 31. Rxf4 Qxf4 32. Rxb7 Be5 33. Bf1 0-1

[Event "Deltalift op"]
[Site "Tylosand"]
[Date "2018.05.10"]
[Round "4"]
[White "Johansson, Mikael1111"]
[Black "Linusson, Pelle"]
[Result "0-1"]
[WhiteElo "1977"]
[BlackElo "2211"]
[PlyCount "64"]
[EventDate "2018.05.10"]
[EventType "swiss"]
[EventRounds "8"]
[EventCountry "SWE"]
[SourceTitle "CBM 184 Extra"]
[Source "ChessBase"]
[SourceDate "2018.06.28"]
[SourceVersion "1"]
[SourceVersionDate "2018.06.28"]
[SourceQuality "1"]

1. d4 Nf6 2. c4 g6 3. Nf3 Bg7 4. g3 c6 5. Bg2 d5 6. 0-0 0-0 7. Nc3 dxc4 8. e4 b5 9. e5 Nd5 10. Ne4 Bf5 11. Nh4 Bxe4 12. Bxe4 e6 13. Be3 Nd7 14. a4 a5 15. Bxd5 exd5 16. f4 b4 17. f5 Re8 18. Qf3 Qe7 19. Rae1 Nxe5 20. dxe5 Bxe5 21. Ng2 Bxb2 22. Kh1 Qd7 23. f6 Re6 24. Qg4 Qd6 25. Bd4 Bxd4 26. Qxd4 Rae8 27. g4 c5 28. Rxe6 Rxe6 29. Qf2 h6 30. Nf4 Rxf6 31. Qe3 g5 32. Qe8+ Kh7 0-1

[Event "SWE-chT 1718 Superettan"]
[Site "Sweden"]
[Date "2018.02.04"]
[Round "6"]
[White "Rosberg, Simon"]
[Black "Linusson, Pelle"]
[Result "1-0"]
[WhiteElo "2299"]
[BlackElo "2238"]
[PlyCount "91"]
[EventDate "2017.10.20"]
[EventType "team-tourn"]
[EventRounds "9"]
[EventCountry "SWE"]
[SourceTitle "EXT 2019"]
[Source "ChessBase"]
[SourceDate "2018.10.10"]
[SourceVersion "1"]
[SourceVersionDate "2018.10.10"]
[SourceQuality "1"]
[WhiteTeam "Norrkoping Schack 08"]
[BlackTeam "Burgsvik Alva"]
[WhiteTeamCountry "SWE"]
[BlackTeamCountry "SWE"]

1. Nf3 g6 2. c4 Bg7 3. Nc3 c5 4. e3 Nf6 5. d4 0-0 6. dxc5 Na6 7. Rb1 Nxc5 8. Be2 d6 9. 0-0 Bf5 10. Ra1 Nfe4 11. Nd5 Bd7 12. Nd4 e6 13. Nb4 Qb6 14. Nbc2 Na4 15. Qd3 Nec5 16. Qa3 a5 17. Rd1 Rfd8 18. Rb1 e5 19. Nf3 Bf5 20. Nfe1 Bf8 21. Bd2 Qc7 22. b3 Nb6 23. Bxa5 Rxa5 24. Qxa5 Ne4 25. Nd3 Ra8 26. Qe1 d5 27. f3 Nc5 28. Ncb4 dxc4 29. bxc4 Be6 30. Nb2 Nca4 31. Nxa4 Rxa4 32. Nd5 Bxd5 33. cxd5 Rxa2 34. Rd2 Ra3 35. e4 Bc5+ 36. Kh1 Nc8 37. Rc2 Nd6 38. Qc1 Ra5 39. Qg5 Nc8 40. f4 exf4 41. e5 Qe7 42. Qxe7 Nxe7 43. d6 Nc6 44. Bb5 Bd4 45. Bxc6 bxc6 46. d7 1-0

[Event "SWE-chT 1516"]
[Site "Sweden"]
[Date "2015.11.06"]
[Round "1"]
[White "Henriksson, Johan"]
[Black "Linusson, Pelle"]
[Result "1/2-1/2"]
[WhiteElo "2272"]
[BlackElo "2215"]
[PlyCount "120"]
[EventDate "2015.11.06"]
[EventType "team-tourn"]
[EventRounds "9"]
[EventCountry "SWE"]
[SourceTitle "EXT 2018"]
[Source "ChessBase"]
[SourceDate "2017.10.13"]
[SourceVersion "1"]
[SourceVersionDate "2017.10.13"]
[SourceQuality "1"]
[WhiteTeam "Kungstornet"]
[BlackTeam "Burgsvik Alva"]
[WhiteTeamCountry "SWE"]
[BlackTeamCountry "SWE"]

1. d4 Nf6 2. c4 g6 3. g3 c6 4. Bg2 d5 5. cxd5 cxd5 6. Nc3 Bg7 7. Nf3 Ne4 8. Nxe4 dxe4 9. Ng5 Qxd4 10. Qb3 0-0 11. 0-0 Nc6 12. Nxe4 Qb6 13. Be3 Nd4 14. Bxd4 Bxd4 15. Nc3 Bxc3 16. bxc3 Qc7 17. Rad1 Rb8 18. Bd5 Bd7 19. Rd4 e6 20. Bf3 Rfc8 21. Rfd1 Be8 22. c4 Qa5 23. Rc1 b6 24. Rh4 Qe5 25. Qc3 Qxc3 26. Rxc3 Bc6 27. Rd4 Bxf3 28. Rxf3 Rb7 29. Ra3 Kf8 30. f4 h5 31. Kf2 Ke7 32. e4 Rc5 33. Ke3 e5 34. fxe5 Rxe5 35. Rd5 Re6 36. Kd4 Rc6 37. Rc3 Rbc7 38. a4 Rc5 39. a5 R5c6 40. axb6 axb6 41. h3 Rf6 42. Rb3 Rf1 43. Rxb6 Rd1+ 44. Ke5 Rc1 45. c5 R1xc5 46. Rxc5 Rxc5+ 47. Kf4 Ra5 48. h4 Rc5 49. Rb7+ Ke6 50. Rb8 Ke7 51. Rb3 Ke6 52. Ra3 Rb5 53. Ra4 Rc5 54. e5 Rb5 55. Rc4 Ra5 56. Rc6+ Ke7 57. Rc7+ Ke6 58. Rc6+ Ke7 59. Rc7+ Ke6 60. Rc6+ Ke7 1/2-1/2

[Event "SWE-chT 1415 Superettan"]
[Site "Sweden"]
[Date "2015.01.17"]
[Round "4"]
[White "Linusson, Pelle"]
[Black "Backman, Michael"]
[Result "1-0"]
[WhiteElo "2209"]
[BlackElo "2028"]
[PlyCount "97"]
[EventDate "2014.11.21"]
[EventType "team-tourn"]
[EventRounds "9"]
[EventCountry "SWE"]
[SourceTitle "EXT 2018"]
[Source "ChessBase"]
[SourceDate "2017.10.13"]
[SourceVersion "1"]
[SourceVersionDate "2017.10.13"]
[SourceQuality "1"]
[WhiteTeam "Burgsvik Alva"]
[BlackTeam "Stockholm Rockaden II"]
[WhiteTeamCountry "SWE"]
[BlackTeamCountry "SWE"]

1. d4 Nf6 2. c4 g6 3. Nf3 Bg7 4. g3 0-0 5. Bg2 d6 6. 0-0 Nbd7 7. Nc3 e5 8. e4 a6 9. h3 b5 10. dxe5 dxe5 11. Qc2 bxc4 12. Rd1 Qe7 13. Bg5 Nb6 14. Nd5 Nbxd5 15. exd5 Rb8 16. Nd2 Bf5 17. Qxc4 Rxb2 18. g4 Rb4 19. Qc3 Bxg4 20. Bxf6 Bxf6 21. d6 cxd6 22. Qxb4 Bxd1 23. Rxd1 e4 24. Qxe4 Be5 25. Nf3 Rc8 26. Nxe5 dxe5 27. Qb7 Qe6 28. Bd5 Qf5 29. Bxf7+ Kh8 30. Qd7 Qc2 31. Bb3 Qc5 32. Qd6 Kg7 33. Qxc5 Rxc5 34. Rd7+ Kh6 35. Bg8 e4 36. Re7 Rc1+ 37. Kg2 Re1 38. Bd5 Rd1 39. Bxe4 Rd2 40. a4 Rd4 41. Bc6 Rc4 42. Be8 Rc8 43. Bf7 a5 44. Ra7 Rc5 45. Bg8 Rg5+ 46. Kf1 Rf5 47. Rxh7+ Kg5 48. h4+ Kf4 49. Rf7 1-0

[Event "SWE-chT 1415 Superettan"]
[Site "Sweden"]
[Date "2014.11.23"]
[Round "3"]
[White "Lindgren, Fredrik"]
[Black "Linusson, Pelle"]
[Result "1-0"]
[WhiteElo "2233"]
[BlackElo "2209"]
[PlyCount "65"]
[EventDate "2014.11.21"]
[EventType "team-tourn"]
[EventRounds "9"]
[EventCountry "SWE"]
[SourceTitle "EXT 2018"]
[Source "ChessBase"]
[SourceDate "2017.10.13"]
[SourceVersion "1"]
[SourceVersionDate "2017.10.13"]
[SourceQuality "1"]
[WhiteTeam "Umea Rockaden"]
[BlackTeam "Burgsvik Alva"]
[WhiteTeamCountry "SWE"]
[BlackTeamCountry "SWE"]

1. d4 Nf6 2. Nf3 g6 3. c4 Bg7 4. Nc3 d5 5. g3 c6 6. Qb3 dxc4 7. Qxc4 b5 8. Qd3 b4 9. Nd1 Qb6 10. Ne3 0-0 11. Bg2 Rd8 12. 0-0 Be6 13. Rd1 Na6 14. Ng5 Bd5 15. Nxd5 cxd5 16. Bf4 Rac8 17. Rac1 Qb7 18. Bh3 Rxc1 19. Rxc1 h6 20. Nf3 g5 21. Be5 Nd7 22. Bxg7 Kxg7 23. Bxd7 Rxd7 24. Ne5 Rd6 25. Qf5 e6 26. Qh3 Rd8 27. Qh5 Qe7 28. Ng4 Rh8 29. Rc8 Rh7 30. Ne5 Nc7 31. Rd8 Ne8 32. Rd7 Nf6 33. Qxf7+ 1-0

[Event "SWE-chT 1314"]
[Site "Sweden"]
[Date "2014.03.08"]
[Round "8.3"]
[White "Eksmyr, Johan"]
[Black "Linusson, Pelle"]
[Result "0-1"]
[WhiteElo "2193"]
[BlackElo "2216"]
[PlyCount "86"]
[EventDate "2013.11.22"]
[EventType "team-tourn"]
[EventRounds "9"]
[EventCountry "SWE"]
[SourceTitle "EXT 2015"]
[Source "ChessBase"]
[SourceDate "2014.11.20"]
[SourceVersion "1"]
[SourceVersionDate "2014.11.20"]
[SourceQuality "1"]
[WhiteTeam "Orgryte"]
[BlackTeam "Burgsvik Alva"]
[WhiteTeamCountry "SWE"]
[BlackTeamCountry "SWE"]

1. d4 Nf6 2. c4 g6 3. g3 c6 4. Bg2 d5 5. Nf3 Bg7 6. Ne5 Ne4 7. 0-0 0-0 8. f3 Nd6 9. c5 f6 10. Nd3 Nf5 11. Qa4 e5 12. dxe5 fxe5 13. Nc3 Be6 14. Bd2 Nd7 15. e4 Ne7 16. Qb3 Bf7 17. Qxb7 d4 18. Qa6 dxc3 19. Bxc3 Be6 20. Rfd1 Qc8 21. Qa4 g5 22. Rac1 Ng6 23. Bd2 g4 24. f4 exf4 25. gxf4 Nh4 26. Bc3 Bxc3 27. Rxc3 Nxg2 28. Kxg2 Qc7 29. f5 Bf7 30. Qd4 Rae8 31. Qe3 Rxe4 32. Qg5+ Bg6 33. Nf2 Rxf5 34. Qd2 Rd5 35. Qc1 Red4 36. Rxd4 Rxd4 37. Qg5 Qe5 38. Qd8+ Kg7 39. Rc1 Nf6 40. Qc8 Rd2 41. Rf1 Be4+ 42. Kg1 g3 43. Nh3 gxh2# 0-1

[Event "SWE-chT 1213"]
[Site "Sweden"]
[Date "2013.03.15"]
[Round "7"]
[White "Kockum, Anton Frisk"]
[Black "Linusson, Pelle"]
[Result "1-0"]
[WhiteElo "2357"]
[BlackElo "2185"]
[PlyCount "117"]
[EventDate "2012.10.05"]
[EventType "team-tourn"]
[EventRounds "9"]
[EventCountry "SWE"]
[SourceTitle "EXT 2014"]
[Source "ChessBase"]
[SourceDate "2013.11.20"]
[SourceVersion "1"]
[SourceVersionDate "2013.11.20"]
[SourceQuality "1"]
[WhiteTeam "Orgryte"]
[BlackTeam "Burgsvik Alva"]
[WhiteTeamCountry "SWE"]
[BlackTeamCountry "SWE"]

1. d4 Nf6 2. Nf3 g6 3. c4 Bg7 4. Nc3 d5 5. Bg5 Ne4 6. Bh4 Nxc3 7. bxc3 dxc4 8. e3 Be6 9. Qb1 c5 10. Qxb7 Bd5 11. Qb5+ Nd7 12. Bxc4 Rb8 13. Qa4 Bxc4 14. Qxc4 cxd4 15. exd4 0-0 16. 0-0 Nb6 17. Qe2 Re8 18. Rac1 Rc8 19. c4 Qd7 20. Bg3 Qa4 21. c5 Nd5 22. Qc4 Qc6 23. Rb1 Red8 24. Rb3 Nc7 25. Ra3 Nb5 26. Rd3 Nd6 27. Qb3 Nf5 28. Rfd1 e6 29. Be5 Bxe5 30. Nxe5 Qe4 31. f3 Qf4 32. Qb7 Rf8 33. Qe4 Qh6 34. f4 Rfd8 35. d5 exd5 36. Rxd5 Rxd5 37. Rxd5 Qf8 38. Nd7 Qe7 39. Qxe7 Nxe7 40. Rd6 Kg7 41. Kf2 h5 42. Ke2 Rc7 43. Kd2 Nf5 44. Rd3 f6 45. Kc3 Kf7 46. Kc4 Ne7 47. Nb8 Rb7 48. Rb3 Rc7 49. a4 Ke8 50. a5 Kd8 51. Rd3+ Kc8 52. Na6 Rc6 53. Rd6 Rxd6 54. cxd6 Nc6 55. Kd5 Nxa5 56. Nc5 g5 57. f5 g4 58. Ke6 Nc6 59. Kxf6 1-0

[Event "Norrkoeping Easter op"]
[Site "Norrkoeping"]
[Date "2012.04.07"]
[Round "4"]
[White "Linusson, Pelle"]
[Black "Karlsson, Lars"]
[Result "1-0"]
[WhiteElo "2148"]
[BlackElo "2473"]
[PlyCount "87"]
[EventDate "2012.04.06"]
[EventType "swiss"]
[EventRounds "8"]
[EventCountry "SWE"]
[SourceTitle "CBM 147 Extra"]
[Source "ChessBase"]
[SourceDate "2012.04.24"]
[SourceVersion "1"]
[SourceVersionDate "2012.04.24"]
[SourceQuality "1"]

1. d4 e6 2. c4 f5 3. Nf3 Nf6 4. g3 Bb4+ 5. Nbd2 0-0 6. Bg2 Be7 7. 0-0 d5 8. Ne5 Nbd7 9. Ndf3 c6 10. Qc2 Ne4 11. Nd3 Qe8 12. Be3 g5 13. Nfe5 Nxe5 14. dxe5 Kh8 15. cxd5 cxd5 16. f3 f4 17. Bd4 Nxg3 18. hxg3 fxg3 19. Bh3 Bd7 20. a4 Rc8 21. Qd1 Rc4 22. e3 Rxa4 23. Rxa4 Bxa4 24. Qe2 Bb5 25. Rd1 Qh5 26. Bxe6 Rxf3 27. Bxd5 g4 28. Qg2 Qh4 29. Bxf3 gxf3 30. Qxf3 Qh2+ 31. Kf1 Be8 32. Qg2 Bc6 33. e4 Qh4 34. Re1 Qg4 35. e6+ Kg8 36. Ne5 Qxe6 37. Qxg3+ Kf8 38. Nxc6 bxc6 39. Kg1 Ke8 40. Kg2 Qc4 41. Qb8+ Kd7 42. Qxa7+ Ke6 43. Bf2 Bb4 44. Qxh7 1-0

[Event "Norrkoeping Easter op"]
[Site "Norrkoeping"]
[Date "2012.04.06"]
[Round "3"]
[White "Westerberg, Jonathan"]
[Black "Linusson, Pelle"]
[Result "1/2-1/2"]
[WhiteElo "2304"]
[BlackElo "2148"]
[PlyCount "70"]
[EventDate "2012.04.06"]
[EventType "swiss"]
[EventRounds "8"]
[EventCountry "SWE"]
[SourceTitle "CBM 147 Extra"]
[Source "ChessBase"]
[SourceDate "2012.04.24"]
[SourceVersion "1"]
[SourceVersionDate "2012.04.24"]
[SourceQuality "1"]

1. e4 e5 2. Nf3 Nc6 3. Bc4 Bc5 4. 0-0 Nf6 5. d4 Bxd4 6. Nxd4 Nxd4 7. Bg5 Ne6 8. Bxe6 dxe6 9. Qxd8+ Kxd8 10. f4 Ke8 11. Nc3 Bd7 12. fxe5 Ng8 13. Rf2 Ne7 14. Rd1 h6 15. Bh4 g5 16. Rfd2 Bc6 17. Bf2 b6 18. h4 Ng6 19. hxg5 hxg5 20. Rd4 Ke7 21. Be3 Nxe5 22. Bxg5+ f6 23. Bf4 b5 24. a4 Rag8 25. Rf1 a6 26. axb5 axb5 27. Rb4 Rb8 28. Ra1 Rb7 29. Be3 Kf7 30. b3 Rc8 31. Rd4 Be8 32. Rdd1 c5 33. Ra6 b4 34. Na4 Bb5 35. Rb6 Rxb6 1/2-1/2

[Event "SWE-chT2 1112"]
[Site "Sweden"]
[Date "2012.03.10"]
[Round "8"]
[White "Linusson, Pelle"]
[Black "Svedberg, Hans"]
[Result "1-0"]
[WhiteElo "2148"]
[BlackElo "2105"]
[PlyCount "79"]
[EventDate "2011.10.22"]
[EventType "team-tourn"]
[EventRounds "9"]
[EventCountry "SWE"]
[SourceTitle "EXT 2013"]
[Source "ChessBase"]
[SourceDate "2012.11.22"]
[SourceVersion "1"]
[SourceVersionDate "2012.11.22"]
[SourceQuality "1"]
[WhiteTeam "Burgsvik Alva"]
[BlackTeam "Orgryte"]
[WhiteTeamCountry "SWE"]
[BlackTeamCountry "SWE"]

1. d4 Nf6 2. c4 g6 3. Nc3 d5 4. Nf3 Bg7 5. Bg5 Ne4 6. cxd5 Nxg5 7. Nxg5 e6 8. Nf3 exd5 9. e3 c6 10. b4 0-0 11. Be2 Bf5 12. Qb3 a6 13. a4 a5 14. 0-0 Nd7 15. b5 Re8 16. Rfd1 Qb6 17. Rac1 Bf8 18. h3 h6 19. Bd3 Bxd3 20. Rxd3 Bd6 21. Rb1 Rab8 22. Rdd1 Qd8 23. Rdc1 Nb6 24. Qd1 Nc4 25. Nd2 Nxd2 26. Qxd2 Qd7 27. Qd3 Rbc8 28. bxc6 bxc6 29. Ne2 Bb4 30. Qb3 Kh7 31. Nf4 Bd6 32. Nd3 Rb8 33. Qc3 Rxb1 34. Rxb1 Qf5 35. Rc1 Rc8 36. Nc5 Rb8 37. Nb3 Ba3 38. Rd1 Qd7 39. Nc5 Bxc5 40. Qxc5 1-0

[Event "SWE-chT2 1011"]
[Site "Sweden"]
[Date "2011.03.11"]
[Round "7"]
[White "Alm, Hakan"]
[Black "Linusson, Pelle"]
[Result "1-0"]
[WhiteElo "2268"]
[BlackElo "2153"]
[PlyCount "67"]
[EventDate "2010.10.23"]
[EventType "team-tourn"]
[EventRounds "9"]
[EventCountry "SWE"]
[SourceTitle "EXT 2012"]
[Source "ChessBase"]
[SourceDate "2011.11.24"]
[SourceVersion "1"]
[SourceVersionDate "2011.11.24"]
[SourceQuality "1"]
[WhiteTeam "Orebro"]
[BlackTeam "Burgsvik Alva"]
[WhiteTeamCountry "SWE"]
[BlackTeamCountry "SWE"]

1. c4 b6 2. Nf3 Bb7 3. e3 f5 4. Nc3 Nf6 5. Be2 e6 6. 0-0 Bb4 7. Qb3 Na6 8. a3 Nc5 9. Qc2 Bxc3 10. Qxc3 a5 11. b3 0-0 12. Bb2 Qe7 13. d3 d6 14. Nd4 Qd7 15. f4 Rae8 16. Rae1 g6 17. Nf3 Qe7 18. h3 Ncd7 19. b4 axb4 20. axb4 c5 21. Ra1 Qd8 22. bxc5 bxc5 23. Qb3 Qc7 24. Rfb1 Bc6 25. Qc3 e5 26. fxe5 dxe5 27. Nd2 e4 28. dxe4 Bxe4 29. Nxe4 fxe4 30. Rf1 Ne5 31. Rf4 g5 32. Rf5 Nf3+ 33. Bxf3 exf3 34. Rxg5+ 1-0

[Event "SWE-chT2 1011"]
[Site "Sweden"]
[Date "2010.12.04"]
[Round "3"]
[White "Nygren, David"]
[Black "Linusson, Pelle"]
[Result "1-0"]
[WhiteElo "2139"]
[BlackElo "2153"]
[PlyCount "97"]
[EventDate "2010.10.23"]
[EventType "team-tourn"]
[EventRounds "9"]
[EventCountry "SWE"]
[SourceTitle "EXT 2012"]
[Source "ChessBase"]
[SourceDate "2011.11.24"]
[SourceVersion "1"]
[SourceVersionDate "2011.11.24"]
[SourceQuality "1"]
[WhiteTeam "Umea Rockaden"]
[BlackTeam "Burgsvik Alva"]
[WhiteTeamCountry "SWE"]
[BlackTeamCountry "SWE"]

1. d4 Nf6 2. g3 c5 3. c3 e6 4. Bg2 Nc6 5. e4 cxd4 6. cxd4 d5 7. e5 Nd7 8. Ne2 f6 9. Nf4 Bb4+ 10. Nc3 Qe7 11. exf6 Nxf6 12. 0-0 0-0 13. Be3 Rd8 14. a3 Bxc3 15. bxc3 Na5 16. Re1 Nc4 17. a4 b6 18. Nd3 Bb7 19. Bg5 h6 20. Bxf6 Qxf6 21. Qe2 Kf7 22. Qh5+ Kg8 23. Bh3 Re8 24. Ne5 Nxe5 25. Rxe5 Qf7 26. Qe2 Bc8 27. Re1 Bd7 28. Qa6 Re7 29. f4 Bc8 30. Qe2 Rc7 31. Rxe6 Rxc3 32. Qe5 Bd7 33. Re7 Qxe7 34. Qxe7 Bxh3 35. Qb7 Rac8 36. Qxd5+ Kh8 37. Qh5 Bd7 38. Qf7 Bxa4 39. Re7 Rg8 40. Rxa7 Bb3 41. Qe7 Rc2 42. f5 Rc6 43. Rd7 Bc2 44. g4 Rf6 45. Rd6 Rxd6 46. Qxd6 b5 47. Qc5 Bd3 48. d5 Rd8 49. d6 1-0

[Event "Hallstahammar op"]
[Site "Hallstahammar"]
[Date "2004.09.12"]
[Round "8"]
[White "Rautio, Lasse"]
[Black "Linusson, Pelle"]
[Result "0-1"]
[WhiteElo "1912"]
[BlackElo "2105"]
[PlyCount "92"]
[EventDate "2004.09.10"]
[EventType "swiss"]
[EventRounds "8"]
[EventCountry "SWE"]
[SourceTitle "EXT 2005"]
[Source "ChessBase"]
[SourceDate "2004.11.15"]
[SourceVersion "1"]
[SourceVersionDate "2004.11.15"]
[SourceQuality "1"]

1. e4 e5 2. f4 exf4 3. d4 d5 4. Bxf4 dxe4 5. Qe2 Nf6 6. c3 Bd6 7. Bg5 0-0 8. Nd2 Bf5 9. Qb5 Bg6 10. Qxb7 Nbd7 11. 0-0-0 Qe7 12. Nc4 Rab8 13. Qa6 h6 14. Bh4 Bf4+ 15. Kb1 Nb6 16. Na5 Qe6 17. Bxf6 Qxf6 18. Be2 Na4 19. Nb3 Qxa6 20. Bxa6 Bd6 21. Ne2 f5 22. c4 c6 23. c5 Bc7 24. Bc4+ Kh8 25. g3 a5 26. Rdf1 Bh5 27. Nf4 Bxf4 28. gxf4 Nxb2 29. Kxb2 a4 30. Kc3 axb3 31. axb3 Bf7 32. Ra1 Bxc4 33. bxc4 Rf7 34. Rhb1 Rxb1 35. Rxb1 g5 36. d5 Kg7 37. Rb6 gxf4 38. Kd4 e3 39. d6 Kf6 40. Kd3 Ra7 41. Rb2 Ke5 42. Rb8 Ra3+ 43. Ke2 Ra2+ 44. Kd3 Rd2+ 45. Kc3 f3 46. Rb1 Ke4 0-1

[Event "Hallstahammar op"]
[Site "Hallstahammar"]
[Date "2004.09.11"]
[Round "5"]
[White "Linusson, Pelle"]
[Black "Eriksson, Jonas"]
[Result "0-1"]
[WhiteElo "2105"]
[BlackElo "2370"]
[PlyCount "102"]
[EventDate "2004.09.10"]
[EventType "swiss"]
[EventRounds "8"]
[EventCountry "SWE"]
[SourceTitle "EXT 2005"]
[Source "ChessBase"]
[SourceDate "2004.11.15"]
[SourceVersion "1"]
[SourceVersionDate "2004.11.15"]
[SourceQuality "1"]

1. d4 d6 2. c4 f5 3. Nc3 Nf6 4. Bg5 Nbd7 5. Qc2 g6 6. e4 fxe4 7. Nxe4 Bg7 8. Nf3 Nxe4 9. Qxe4 Nf6 10. Qc2 c6 11. Bd3 Be6 12. 0-0 0-0 13. Rfe1 Bf7 14. Rad1 Qd7 15. Qa4 Qc7 16. b4 a6 17. Qc2 Rfe8 18. a4 b6 19. Rc1 c5 20. dxc5 bxc5 21. bxc5 Qxc5 22. Be3 Qh5 23. h3 h6 24. Be2 Qa5 25. c5 dxc5 26. Ne5 g5 27. Nxf7 Kxf7 28. Bxc5 Rac8 29. Qb3+ e6 30. Bb6 Qd5 31. Bc4 Rxc4 32. Qxc4 Qxc4 33. Rxc4 Nd5 34. Bd4 Bxd4 35. Rxd4 Rc8 36. h4 Kf6 37. hxg5+ hxg5 38. g3 Rc6 39. Kf1 Rc2 40. Re2 Rc1+ 41. Kg2 Rc6 42. Ree4 Rc2 43. Re1 Kf5 44. Rd3 g4 45. Rd4 Ra2 46. Rde4 Nc7 47. Rf4+ Kg6 48. Rxg4+ Kf6 49. Rf4+ Ke7 50. Rh4 Nd5 51. Rhe4 Nc7 0-1